Child sexual abuse: incest, assault, and sexual exploitation
| Main Author: | |
|---|---|
| Format: | Print Book |
| Language: | English |
| Published: |
Arlington, Va
ERIC Document Reprod. Service
1979
|
| In: |
DHEW publication (79-30166)
Year: 1979 |
| Availability in Tübingen: | Present in Tübingen. UB: KB 6 E 574 |
| Check availability: | HBZ Gateway |
| Subito Delivery Service: | Order now. |
MARC
| LEADER | 00000cam a22000002c 4500 | ||
|---|---|---|---|
| 001 | 1090648022 | ||
| 003 | DE-627 | ||
| 005 | 20230324164046.0 | ||
| 007 | tu | ||
| 008 | 900607s1979 xx ||||| 00| ||eng c | ||
| 035 | |a (DE-627)1090648022 | ||
| 035 | |a (DE-576)020648022 | ||
| 035 | |a (DE-599)BSZ020648022 | ||
| 035 | |a (OCoLC)311266500 | ||
| 040 | |a DE-627 |b ger |c DE-627 |e rakwb | ||
| 041 | |a eng | ||
| 100 | 1 | |a Roth, Richard A. |4 aut | |
| 245 | 1 | 0 | |a Child sexual abuse |b incest, assault, and sexual exploitation |c Richard A. Roth |
| 264 | 1 | |a Arlington, Va |b ERIC Document Reprod. Service |c 1979 | |
| 300 | |a II, 31 S. | ||
| 336 | |a Text |b txt |2 rdacontent | ||
| 337 | |a ohne Hilfsmittel zu benutzen |b n |2 rdamedia | ||
| 338 | |a Band |b nc |2 rdacarrier | ||
| 490 | 1 | |a DHEW |v OHDS-79-30166 | |
| 490 | 0 | |a ERIC reports | |
| 490 | 0 | |a A special report from the National Center on Child Abuse and Neglect | |
| 583 | 1 | |a Archivierung prüfen |c 20200919 |f DE-640 |z 1 |2 pdager | |
| 810 | 2 | |a USA |b Department of Health, Education, and Welfare |t DHEW publication |v 79-30166 |9 79-30166 |w (DE-627)130717460 |w (DE-576)046613439 |w (DE-600)968575-3 |x 0090-0206 |7 am | |
| 951 | |a BO | ||
| ELC | |b 1 | ||
| LOK | |0 000 xxxxxcx a22 zn 4500 | ||
| LOK | |0 001 2145846549 | ||
| LOK | |0 003 DE-627 | ||
| LOK | |0 004 1090648022 | ||
| LOK | |0 005 20020606000000 | ||
| LOK | |0 008 900607||||||||||||||||ger||||||| | ||
| LOK | |0 040 |a DE-21 |c DE-627 |d DE-21 | ||
| LOK | |0 852 |a DE-21 | ||
| LOK | |0 852 1 |c KB 6 E 574 |9 00 | ||
| LOK | |0 866 |x XEROKOPIE | ||
| LOK | |0 935 |a krim | ||
| LOK | |0 936ln |a k10.14 | ||
| LOK | |0 939 |a 07-06-90 |b l01 | ||
| ORI | |a SA-MARC-krimdoka001.raw | ||
| SIG | |a UB: KB 6 E 574 | ||
